European Countries Where The Country Comes Before The Capital Alphabetically - Statistics

General Stats
  • This quiz has been taken 67 times
  • The average score is 21 of 23
Answer Stats
Answer % Correct
Finland
97%
France
97%
Norway
97%
Croatia
95%
Estonia
95%
Latvia
95%
Lithuania
95%
Albania
94%
Andorra
94%
Austria
94%
Bulgaria
94%
Iceland
94%
Italy
94%
Montenegro
94%
Macedonia
92%
Czechia
90%
Belgium
89%
Liechtenstein
89%
Belarus
87%
Bosnia
87%
Kosovo
87%
Malta
87%
Poland
84%
No matching quizzes found
Score Distribution
Percent of People with Each Score
Percentile by Number Answered
Your Score History
You have not taken this quiz